00489nam a22001217a 4500003000400000082001700004100001000021245017100031260004400202300000700246650005700253653005700310SGT a617.69bT23K aKusum aTo evaluate and compare the stress distribution on Dental implants in All-On-Four situation in Atrophic Mandible with change in superstructure materialsbA FEA Study aGurugram, HaryanabSGT Universityc2023 a97 aProsthodontics, Crown & Bridge and Oral Implantology aProsthodontics, Crown & Bridge and Oral Implantology